Sports Quiz

Random Sports or WWE Quiz
Score 0/46 Timer 06:00
0 Plays Today
% Correct
AJ Styles
97.8%
Braun Strowman
97.8%
Kane
97.8%
Randy Orton
97.8%
Undertaker
97.8%
Becky Lynch
97.1%
The Big Show
97.1%
Brock Lesnar
97.1%
Charlotte Flair
97.1%
Roman Reigns
97.1%
Bray Wyatt
97.1%
Cesaro
96.4%
Edge
96.4%
Baron Corbin
96.4%
Sheamus
96.4%
Triple H
96.4%
Alexa Bliss
95.7%
Jinder Mahal
95.7%
Rey Mysterio
95.7%
Robert Roode
95.7%
Sasha Banks
95.7%
Johnny Gargano
95%
Seth Rollins
94.2%
% Correct
Dolph Ziggler
93.5%
Asuka
92.8%
Carmella
91.4%
John Cena
91.4%
The Miz
91.4%
Drew Mcintyre
90.6%
Jeff Hardy
89.9%
Lacey Evans
89.2%
Shayna Baszler
87.1%
Elias
86.3%
Pete Dunne
86.3%
Bobby Lashley
85.6%
Tyler Breeze
84.2%
Shinsuke Nakamura
83.5%
Mandy Rose
82.7%
Daniel Bryan
82%
Kevin Owens
80.6%
Aleister Black
77.7%
Finn Balor
77%
Bayley
74.1%
Ricochet
74.1%
Samoa Joe
71.9%
Tommaso Ciampa
69.1%
Remove Ads.
Support Sporcle.
Get the best of Sporcle when you Go Orange. This ad-free experience offers more features, more stats, and more fun while also helping to support Sporcle. Thank you for becoming a member.

You're not logged in!

Compare scores with friends on all Sporcle quizzes.
OR
Log In

Sporcle TV

Today on Sporcle TV


Watch our educational content, quiz creation guides, and fun videos on Sporcle TV.

Show Comments

Extras

Top Quizzes Today


Score Distribution

Paid Content

Your Account Isn't Verified!

In order to create a playlist on Sporcle, you need to verify the email address you used during registration. Go to your Sporcle Settings to finish the process.

Report this User

Report this user for behavior that violates our Community Guidelines.

Details: